Economic status of university women in the U.S.A. (Record no. 36291)
[ view plain ]
| 000 -LEADER | |
|---|---|
| fixed length control field | 01580cam a22002771 4500 |
| 001 - CONTROL NUMBER | |
| control field | l 39000050 |
| 003 - CONTROL NUMBER IDENTIFIER | |
| control field | DLC |
| 005 - DATE AND TIME OF LATEST TRANSACTION | |
| control field | 20260227111536.0 |
| 008 - FIXED-LENGTH DATA ELEMENTS--GENERAL INFORMATION | |
| fixed length control field | 821007s1939 dcua f000 0 eng |
| 010 ## - LIBRARY OF CONGRESS CONTROL NUMBER | |
| LC control number | l 39000050 |
| 035 ## - SYSTEM CONTROL NUMBER | |
| System control number | (OCoLC)8840785 |
| 040 ## - CATALOGING SOURCE | |
| Original cataloging agency | DLC |
| Transcribing agency | TxDW |
| Modifying agency | TxDW |
| -- | OCoLC |
| -- | WU |
| -- | DLC |
| 043 ## - GEOGRAPHIC AREA CODE | |
| Geographic area code | n-us--- |
| 050 00 - LIBRARY OF CONGRESS CALL NUMBER | |
| Classification number | HD6093 |
| Item number | .A35 no. 170a |
| 110 2# - MAIN ENTRY--CORPORATE NAME | |
| Corporate name or jurisdiction name as entry element | American Association of University Women. |
| Subordinate unit | Status of Women Committee. |
| 245 10 - TITLE STATEMENT | |
| Title | Economic status of university women in the U.S.A. |
| Statement of responsibility, etc. | Report of the Committee on Economic and Legal Status of Women, American Association of University Women in cooperation with the Women's Bureau, United States Department of Labor, by Susan M. Kingsbury ... |
| 260 ## - PUBLICATION, DISTRIBUTION, ETC. | |
| Place of publication, distribution, etc. | Washington, |
| Name of publisher, distributor, etc. | U.S. Govt. Print. Off., |
| Date of publication, distribution, etc. | 1939. |
| 300 ## - PHYSICAL DESCRIPTION | |
| Extent | vii, 70 p. |
| Other physical details | illus. (map) tables, diagrams |
| Dimensions | 23 cm. |
| 490 1# - SERIES STATEMENT | |
| Series statement | Bulletin of the U.S. Women's Bureau, |
| Volume/sequential designation | no. 170 |
| 500 ## - GENERAL NOTE | |
| General note | At head of title: United States Department of Labor. Frances Perkins, secretary. Women's Bureau. Mary Anderson, director. |
| 500 ## - GENERAL NOTE | |
| General note | "The schedules and tables were planned by the A.A.U.W. Committee ... and the Women's Bureau. The editing of the schedules and the tabulating of the basic data were done by the Women's Bureau. The report has been written by Susan M. Kingsbury, chairman of the Committee."--Letter of transmittal. |
| 650 #0 - SUBJECT ADDED ENTRY--TOPICAL TERM | |
| Topical term or geographic name entry element | Women |
| General subdivision | Employment |
| Geographic subdivision | United States. |
| 650 #0 - SUBJECT ADDED ENTRY--TOPICAL TERM | |
| Topical term or geographic name entry element | Women |
| General subdivision | Education |
| Geographic subdivision | United States. |
| 700 1# - ADDED ENTRY--PERSONAL NAME | |
| Personal name | Kingsbury, Susan M. |
| Fuller form of name | (Susan Myra), |
| Dates associated with a name | 1870-1949. |
| 810 1# - SERIES ADDED ENTRY--CORPORATE NAME | |
| Corporate name or jurisdiction name as entry element | United States. |
| Subordinate unit | Women's Bureau. |
| Title of a work | Bulletin ; |
| Volume/sequential designation | no. 170. |
No items available.